Quizzes
Events
Quiz Creation
Community
Videos
Private Events
Remove Ads
Sign In
Join for FREE
Feedback
Dark Mode
Quiz Categories
Sports
Geography
Music
Movies
Television
Just For Fun
Miscellaneous
History
Literature
Language
Science
Gaming
Entertainment
Religion
Holiday
For Kids
Quiz Lab
Recent
Popular Today
Quiz Kudos Today
Editor Picks
Curator Picks
Quizzes by...
Day
Popularity
Type
Ratings
Length
Year
Community
Subscriptions
Recent Discussions
Orange Saloon
Badges
Playlists
Quests
Create
Leaderboards
Showdown
Live 5
Trivia Bingo
Activity
Puzzle Library
Sporcle Events
Private Events
Virtual Trivia
Globe League
Become a Host
Pub Owners
SporcleCon
Opinionation
Our Games
Videos
Blog
Mobile Apps
Partnerships
Remove Ads and Go Orange
Feedback
Music
Pop Music
The Beatles
Song
Album
Lyrics
Bands
Singers
Artist
Clip
Rock
Rap
Classical
Billboard
Country Music
Kpop
Taylor Swift
Music
Pop Music
The Beatles
Song
Album
Lyrics
Bands
Singers
Artist
Clip
Rock
Rap
Classical
Billboard
Country Music
Kpop
Taylor Swift
Random Quiz
Search Sporcle
×
Quiz Lab
Quiz Lab
Music
Song
Type in answers that appear in a list
Type in answers that appear in a list
Classic
Best Score? Go Orange.
Guns N Roses Songs Stats
Can you name the Guns N Roses Songs?
By
Minooka2004
15m
63 Questions
71 Plays
71 Plays
71 Plays
Comments
Comments
Give Quiz Kudos
Give Quiz Kudos
-
- Ratings
hide this ad
Replay
Link that replays current quiz
Next Quiz
Link to next quiz in quiz playlist
You Got
0%
They Got
Avg Score
51%
Avg Friend Score
Upgrade to see
Score Distribution
Jump to the score distribution portion of the page
Score
0/63
Timer
15:00
0
Plays Today
Album
Song
% Correct
Appetite for Destruction
Welcome to the Jungle
97.2%
Appetite for Destruction
Sweet Child O Mine
94.4%
Appetite for Destruction
Paradise City
93%
Use Your illusion 1
November Rain
83.1%
Appetite for Destruction
Mr Brownstone
81.7%
Appetite for Destruction
My Michelle
80.3%
Lies
Patience
80.3%
Appetite for Destruction
Nightrain
78.9%
Appetite for Destruction
Rocket Queen
77.5%
Appetite for Destruction
Its so easy
76.1%
Appetite for Destruction
You're Crazy
74.6%
Lies
You're Crazy
74.6%
Use Your illusion 1
Don't Cry
71.8%
Use Your illusion 2
Don't Cry
71.8%
Use Your illusion 2
Civil War
69%
Use Your illusion 2
Knockin on Heaven's Door
63.4%
Appetite for Destruction
Out ta get me
62%
Lies
One in a Million
62%
Use Your illusion 2
Estranged
62%
Appetite for Destruction
Think about you
60.6%
Use Your illusion 2
You Could Be Mine
60.6%
Lies
Used to Love Her
59.2%
Use Your illusion 1
Live and Let Die
59.2%
Use Your illusion 1
The Garden
59.2%
The spaghetti Incident
Since I Dont Have You
59.2%
Use Your illusion 1
Coma
57.7%
Lies
Mama Kin
54.9%
Use Your illusion 1
Garden of Eden
53.5%
Use Your illusion 1
Dead Horse
52.1%
Lies
Move to the City
50.7%
Use Your illusion 2
14 Years
50.7%
Use Your illusion 2
Get in the Ring
49.3%
Album
Song
% Correct
Lies
Nice Boys
46.5%
Use Your illusion 1
Dust N Bones
46.5%
Use Your illusion 1
Bad Apples
46.5%
Sound Track
Sympathy for the Devil
45.1%
Use Your illusion 1
Bad Obsession
43.7%
Use Your illusion 2
Yesterdays
43.7%
Use Your illusion 2
My World
43.7%
Use Your illusion 1
Right Next Door to Hell
39.4%
Use Your illusion 2
Shot gun Blues
39.4%
Use Your illusion 2
Locomotive
39.4%
Use Your illusion 2
Pretty Tied Up
38%
The spaghetti Incident
Down on the Farm
38%
The spaghetti Incident
Hair of the Dog
36.6%
Use Your illusion 1
Back Off Bitch
35.2%
Use Your illusion 2
So Fine
35.2%
The spaghetti Incident
Aint It Fun
35.2%
Lies
Reckless Life
33.8%
Use Your illusion 1
Perfect Crime
32.4%
Use Your illusion 1
You Ain't the First
32.4%
Use Your illusion 1
Double Talking Jive
32.4%
The spaghetti Incident
I Dont Care About You
32.4%
The spaghetti Incident
Black Leather
31%
Use Your illusion 1
Don't Damn Me
29.6%
The spaghetti Incident
New Rose
29.6%
The spaghetti Incident
Attitude
29.6%
The spaghetti Incident
Raw Power
26.8%
The spaghetti Incident
Human Being
25.4%
The spaghetti Incident
You Cant Put Your Arms Around a Memory
25.4%
The spaghetti Incident
Look at Your Game Girl
19.7%
The spaghetti Incident
Buick Mackane
16.9%
Appetite for Destruction
Anthing Goes
9.9%
Quiz Playlist
Details
Report
Send in Message
Add To Playlist
Classic:
Type in answers that appear in a list
Last Updated: Feb 16, 2017
Quiz Scoreboard
CHALLENGE
Sign Up to Join the Scoreboard
Show All
Scores
Hide
Comments
May contain spoilers
Recently Published
An Introduction to Baseball
by treessimontrees
Sports
5m
Movies - When Are They Set?
by FPL_Elf
Movies
5m
Popular People in 1961
by mucciniale
History
6m
More to Explore
Quiz From the Vault
Featured Blog Post
Where Did the Easter Bunny Come From?
hide this ad
You Might Also Like...
Tags
Album Quiz
Song Quiz
gun
Guns N Roses
rose
Today's Top Quizzes in Music
Browse Music
hide this ad
Today's Top Quizzes in Song
Browse Song
Top Contributed Quizzes in Music
1
Taylor Swift All Songs (2024)
2
2010s Album by Cover III
3
Guess the Artist- 70s Songs
4
One Thing in Common: Music
5
Taylor Swift Logic Puzzle
6
Guess the Taylor Swift song (Mystery Song)
7
2010s Album by Cover IV
8
2010s Album by Cover V
9
KPOP LOGIC QUIZ
10
Kpop Logic Quiz
Explore More
Trending Topics
Anime
Crossword
Disney
Harry Potter
Kpop
Marvel
NBA
Puzzle
NFL
Song
Country
WWE
Pokémon
Soccer
The Office
hide this ad
More By:
Minooka2004
Quiz
Plays
Rating
Category
Featured
Created
Homerun Leaders Who Hit All for 1 Team
391
5.00
Sports
Apr 3, 2011
MLB Most All Star Roster Appearances
282
3.25
Sports
Jul 10, 2012
All Time Gold Glove Award Winners
195
2.00
Sports
Jul 15, 2012
Top 12 Fastest Recorded Fastballs
126
5.00
Sports
Mar 24, 2011
Long John Silver's Menu Items
73
5.00
Miscellaneous
Mar 24, 2011
Go to Creator's Profile
Score Distribution
Quiz Creator Spotlight
Minooka2004
Follow
Send a Message
Quizzes Created
-
Created Quiz Play Count
-
More By This Creator
Popular Quizzes Today
1
Find the Countries of Europe - No Outlines Minefield
2
Find the US States - No Outlines Minefield
3
The Countries of the World
4
Popular People in 1961
5
US States
6
1-10 Letter E Words III
7
Find the US States
8
Risky Map Clicking: Biggest States A-Z
More Music Quizzes
Where's the Title?
Quiz Lab
Trending Quizzes
Risky Map Clicking: Least Populous States A-Z
1-10 Letter F Words
1-10 Letter G Words
One Thing in Common: United Kingdom
Risky Map Clicking: Next State Alphabetically
Recently Updated
Leaping Animals
pecheneg
Reality TV Shows (A-Z)
bhenderson79
Rickey Henderson's Hall of Fame Teammates
pecheneg
Champions League XIs: Arsenal
pecheneg
Quick Pick: Celebrities in WWE's Hall of Fame
aduchscher
A-Z Keypad Blitz II
pecheneg
Multiple Oscar Actors
pecheneg
Mystery Phrase Blitz: Oscar 'Best Actors'
pecheneg
F. Scott Fitzgerald Novels
LTH
Pick 3 Villains
ddd62291
Trending Topics
Anime
Disney
Kpop
NBA
Crossword
Marvel
Harry Potter
Pokémon
The Office
Country
WWE
Puzzle
NFL
Song
Soccer
Your Account Isn't Verified!
In order to create a playlist on Sporcle, you need to verify the email address you used during registration. Go to your
Sporcle Settings
to finish the process.
Report this User
Report this user for behavior that violates our
Community Guidelines
.
Details:
Send Report
Go to the Sporcle.com Mobile Site →
Comments